[Event "Le Mans op"]
[Site "Le Mans "]
[Date "2001.12.29"]
[Round "6"]
[White "Perrin, Marie"]
[Black "Berillon, Florian"]
[Result "0-1"]
[WhiteElo "1280"]
[BlackElo "1470"]
[PlyCount "78"]
[EventDate "2001.12.26"]
[EventType "swiss"]
[EventRounds "9"]
[EventCountry "FRA"]
[SourceTitle "EXT 2008"]
[Source "ChessBase"]
[SourceDate "2007.11.25"]
[SourceVersion "1"]
[SourceVersionDate "2007.11.25"]
[SourceQuality "1"]

1. e4 e6 2. d3 d5 3. Nd2 c5 4. g3 Nc6 5. Ngf3 Qb6 6. Bg2 Bd7 7. 0-0 g6 8. Re1 d4 9. Nc4 Qc7 10. a4 e5 11. Rf1 Bg7 12. Ne1 f5 13. f3 f4 14. Bd2 Nge7 15. Qc1 0-0 16. c3 b6 17. cxd4 Nxd4 18. Qd1 Be6 19. b3 Bxc4 20. bxc4 Rf6 21. gxf4 exf4 22. Bc3 Rf7 23. Nc2 Nec6 24. Kh1 Qd6 25. Ra3 Re8 26. Rf2 Be5 27. Qg1 Rd8 28. Rd2 Nxc2 29. Bxe5 Nxe5 30. Rxc2 Rdd7 31. Bf1 Nxf3 32. Qf2 Nd4 33. Rd2 Qe5 34. Bh3 Rd8 35. Re2 Qh5 36. Qf1 Nc2 37. Be6 Qg5 38. Ra2 Ne3 39. Qg1 Qxg1+ 0-1